00501nam a2200193 a 4500001001300000003000900013005001700022008004100039020000900080082001800089100001900107245001900126260004300145300000900188500003500197505003700232650001900269700001900288nice12345678IN_TiNIC20260116012518.0050524s1973 hyda grp 000 0 urd  ac1000a891.4391bWAH aWaheed, Akhtar aShab Ka Razmia aHyderabadbMaktaba Sher-O-Hikmatc1973 a176p aincludes index and biblioraphy2 aGlossary, Bibliography and index aUrdu-Philology1 aWaheed, Akhtar